|
|
|
|
| LEADER |
00000cam a2200000 a 4500 |
| 001 |
vtls001137051 |
| 003 |
SK-MaSNL |
| 005 |
20260301153843.0 |
| 008 |
240226s1995 xo a ar 000 j slo |
| 015 |
|
|
|a SNBA1996/0300720
|
| 020 |
|
|
|a 807146354X
|q (viaz.)
|
| 035 |
|
|
|a SNK000079904
|
| 035 |
|
|
|a urn:nbn:sk:snk-amlk82
|
| 035 |
|
|
|a urn:nbn:sk:snk-am00bpv5
|
| 035 |
|
|
|a D5DA6F57-E242-4B1F-8843-44DED99FCDC3
|
| 040 |
|
|
|a SNK
|b slo
|c SNK
|e AACR2
|
| 041 |
1 |
|
|a slo
|h eng
|
| 044 |
|
|
|a xo
|c SK
|
| 080 |
|
|
|a 820/899 (100)-1+820/899 (100)-3
|2 1981
|
| 080 |
|
|
|a 820/899 (100)-3
|2 1981
|
| 240 |
1 |
0 |
|a My book of stories and rhymes
|l Slovensky
|
| 245 |
0 |
0 |
|a Fidli-fidli
|b riekanky a rozprávky
|c ilustrácie Pamela Storey ; prekad z anglického originálu My book of stories and rhymes ... Jana Kantorová-Báliková
|
| 260 |
|
|
|a Bratislava
|b Junior
|c 1995
|
| 300 |
|
|
|a 64 s.
|c 31 cm
|
| 500 |
|
|
|a Ilustácie na titulnej strane
|
| 655 |
|
7 |
|a rozprávky
|2 SNKPH
|9 70597
|
| 655 |
|
7 |
|a autorské rozprávky
|2 SNKPH
|9 70727
|
| 655 |
|
7 |
|a riekanky
|2 SNKPH
|9 70648
|
| 655 |
|
7 |
|a poézia pre deti
|2 SNKPH
|9 86748
|
| 700 |
1 |
|
|a Kantorová-Báliková, Jana,
|d 1951-
|4 trl
|9 160814
|
| 700 |
1 |
|
|a Storey, Pamela,
|d 1956-
|4 ill
|9 46990
|
| 852 |
|
|
|a Slovenská národná knižnica
|
| 919 |
|
|
|a 80-7146-354-X
|
| 954 |
|
|
|a beletria cudzojazyčná (svetová)
|2 lita
|
| 958 |
|
|
|a TL
|
| 958 |
|
|
|a UP
|
| 958 |
|
|
|a DB
|
| 958 |
|
|
|a NS
|
| 958 |
|
|
|a LX
|
| 958 |
|
|
|a GB
|
| 958 |
|
|
|a OND
|
| 968 |
|
|
|b ENG
|
| 999 |
|
|
|c 794713
|d 796643
|
| 952 |
|
|
|t P60, <09>, [BOOK], {629}
|a SNK
|b SNK
|y NEVYP
|7 0
|o snkB 127
|i snk393/960123
|0 0
|1 0
|4 0
|d 1996-01-22
|l 0
|r 2005-01-01 00:00:00
|w 2026-02-24
|
| 952 |
|
|
|t P60, <03>, [BOOK], {603}
|a SNK
|b SNK
|y PREZ
|7 0
|p 17A0002763
|o snkSB 55003
|i snkKSP 01070/96
|0 0
|1 0
|4 0
|d 1996-01-22
|f 1
|l 0
|r 2025-03-28 00:00:00
|w 2026-02-24
|
| 952 |
|
|
|t P60, <05>, [BOOK], {605}
|a SNK
|b SNK
|y PREZ
|7 0
|p 17A0076530
|o snkSB 55003 D1
|0 0
|1 0
|4 0
|d 1997-07-01
|l 0
|r 2005-01-01 00:00:00
|w 2026-02-24
|